Star Wars Trivia - Tile Quiz - Clone Wars Version - Statistics

General Stats
  • This quiz has been taken 301 times
  • The average score is 37 of 45
Answer Stats
Question Tile Select % Correct
members of the 501st Rex Yes
97%
members of the 501st Fives Yes
96%
characters that are not in the films Count Dooku No
95%
characters that are not in the films Jar Jar Binks No
95%
characters that are not in the films Boba Fett No
94%
characters that are not in the films Bo-Katan Kryze Yes
94%
characters that are not in the films Cad Bane Yes
94%
characters that are not in the films Commander Cody No
94%
members of the 501st Wolffe No
94%
characters that are not in the films Darth Maul No
93%
characters that are not in the films Asajj Ventress Yes
92%
members of the 501st Cody No
92%
members of the 501st Gregor No
92%
characters that are not in the films Hondo Ohnaka Yes
91%
members of the 501st Echo Yes
90%
characters that wielded the Darksaber in this series Darth Maul Yes
88%
characters that wielded the Darksaber in this series Hondo Ohnaka No
88%
characters that wielded the Darksaber in this series Pre Vizsla Yes
88%
characters that died onscreen in this series. Savage Oppress Yes
88%
characters that wielded the Darksaber in this series Sheev Palpatine No
88%
planets/moons that are only featured in this series Umbara Yes
88%
members of the 501st Waxer No
88%
characters that died onscreen in this series. Fives Yes
87%
characters that wielded the Darksaber in this series Savage Oppress No
87%
characters that died onscreen in this series. Satine Kryze Yes
86%
planets/moons that are only featured in this series Coruscant No
82%
planets/moons that are only featured in this series Geonosis No
82%
characters that died onscreen in this series. Krell Yes
82%
planets/moons that are only featured in this series Rishi Yes
82%
planets/moons that are only featured in this series Dathomir Yes
81%
members of the 501st Hardcase Yes
80%
planets/moons that are only featured in this series Kamino No
80%
characters that wielded the Darksaber in this series Obi-wan Kenobi No
80%
planets/moons that are only featured in this series Utapau No
80%
characters that wielded the Darksaber in this series Prime Minister Almec No
75%
planets/moons that are only featured in this series Abafar Yes
71%
characters that wielded the Darksaber in this series Sabine Wren No
70%
characters that died onscreen in this series. Admiral Trench Yes
69%
characters that died onscreen in this series. Hardcase Yes
67%
characters that died onscreen in this series. Waxer Yes
62%
planets/moons that are only featured in this series Saleucami Yes
61%
characters that died onscreen in this series. Rush Clovis Yes
58%
members of the 501st Hevy No
56%
characters that died onscreen in this series. Adi Gallia Yes
52%
characters that wielded the Darksaber in this series Bo-Katan Kryze No
34%
No matching quizzes found
Score Distribution
Percent of People with Each Score
Percentile by Number Answered
Your Score History
You have not taken this quiz